000 00537nam a2200169Ia 4500
999 _c29567
_d29567
003 OSt
005 20210106094013.0
008 190216s9999||||xx |||||||||||||| ||und||
040 _coclc
082 _a894.812301
_bNAI/C
100 _aNair, N Chandrasekharan
_98167
245 0 _aDr. Chandrasekharan Nayarude Kathakal /
_cN Chandrasekharan Nair
260 _bKerala Hindi Sahithya Academy,
_aTrivandrum:
_c2007.
300 _a198p
650 _aKathakal
942 _cBK
_2ddc
_h894.812301
_iNAI/C
_k894.812301
_mNAI/C